Wales County Quiz - South Glamorgan - Statistics

General Stats
  • This quiz has been taken 45 times
  • The average score is 10 of 15
Answer Stats
Hint Answer % Correct
Capital of Wales Cardiff
100%
Children's author from South Glamorgan, known for 'The BFG' Roald Dahl
92%
Seaside town with an associated 'island' and amusement park Barry
90%
Major motorway that passes through South Glamorgan M4
87%
Very popular TV sitcom set in the above town Gavin & Stacey
85%
Original name of the national stadium of Wales, now the Principality Stadium Millennium Stadium
72%
Seafarers from this northern country established a distinctive church in the Welsh capital Norway
72%
Name for the Welsh Parliament, also used for its building in South Glamorgan Senedd
72%
Largest river that flows through the Welsh capital Taff
69%
Born in Tiger Bay, this singer performed the title song of the the film 'Goldfinger' Shirley Bassey
67%
National History Museum that chronicles the culture and architecture of the Welsh people St. Fagan's
59%
Ex Manchester United football player from Canton, later the national team manager Ryan Giggs
54%
12th century Anglican cathedral on the outskirts of the Welsh capital Llandaff
51%
Luxury car brand manufactured at a factory in St. Athan Aston Martin
33%
Bristol Channel island designated as a Site of Special Scientific Interest Flat Holm
28%
No matching quizzes found
Score Distribution
Percent of People with Each Score
Percentile by Number Answered
Your Score History
You have not taken this quiz